=LDR 00000nam 2200000 4500 =001 INLIS000000000008897 =005 20130612100723 =008 ***********************************Ind** =035 ##$$0010-061300000008897 =041 ##$$a Ind =082 ##$$a 690 =090 ##$$a 690, Nur p =100 ##$$a Nurbambang, Soufyan M =245 ##$$a Perancangan dan Pemeliharaan Sistem Pelaming, Soufyan M.Nurbambang =260 ##$$a 2000 $b Jakarta =300 ##$$a ix, 340 hlm, ilus, 29 cm =650 ##$$a Plambing =850 ##$$a NBPNMAT